Sömürülen Atatürk ve Atatürkçülük/ (Record no. 13852)

MARC details
000 -BAŞLIK
Sabit Uzunlukta Kontrol Alanı 00661nam a22001937a 4500
999 ## - SİSTEM KONTROL NUMARALARI (KOHA)
Koha Biblionumber 13852
Koha Biblioitemnumber 13852
003 - KONTROL NUMARASI IDENTIFIER
Denetim Alanı MIRAKIL
005 - SON İŞLEM TARİHİ VE ZAMANI
Denetim Alanı 20200728134317.0
008 - SABİT-BOY VERİ ELEMANLARI - GENEL BİLGİLER
Sabit Uzunlukta Kontrol Alanı 200728b tu ||||| |||| 00| 0 tur d
040 ## - KATALOGLAMA KAYNAK
Orijinal Kataloglama Ajansı TR-AnCHP
Kataloglama Dili tur
Metne Dönüştürmek Ajansı TR-AnCHP
082 ## - DEWEY ONLU SINIFLANDIRMA NUMARASI
Sınıflandırma Numarası ATA 923.156
Ürün Numarası A74s 1985
100 ## - ANA GİRİŞ - KİŞİSEL İSİM
Kişisel Ad Aslan, Asım
245 ## - BAŞLIK TABLOSU
Başlık Sömürülen Atatürk ve Atatürkçülük/
Sorumluluk Tablosu, Vb Asım Aslan.
250 ## - EDITION TABLOSU
Baskı Beyanı 3. bs.
260 ## - YAYIN, DAĞITIM, VB
Yayın, Dağıtım, Vb Yeri İstanbul:
Yayıncı, Dağıtıcı, Vs Adı [yayl.y.]
Yayın, Dağıtım, Vb Tarihi 1985.
Üretici Firma Teknografik matbaacılık.
300 ## - FİZİKSEL TANIM
Kapsam 248 s.:
Boyutlar 19 sm.
600 ## - KONU KATMA GİRİŞ - KURUMSAL ADI
Kişisel Ad Atatürk, Mustafa Kemal
Bir Adıyla İlişkilendirilen Tarihler 1881-1938
Genel Alt Bölümü Derlemeler
-- Derleme
856 ## - ELEKTRONİK YER VE ERİŞİM
Kamu Notu Dijital Nüshası için Partimizin Kütüphane Sorumlusu ile iletişime geçiniz.
942 ## - EKLENDİ GİRİŞ ELEMANLARI (KOHA)
Sınıflandırma Veya Raf Düzeni Kaynak Dewey Decimal Classification
Koha Öğesi Türü Books
Holdings
Kalıcı Konum Mevcut Konum Edinme Tarihi Toplam Check-Out'Lar Tam Çağrı Numarası Barkod Tarih Son Görülme İtibaren Geçerli Fiyatlar Koha Öğesi Türü
CHP Kütüphanesi CHP Kütüphanesi 07/28/2020   ATA 923.156 A74s 1985 019307 07/28/2020 07/28/2020 Books